[Event "Challenge"]
[Site "http://www.queenalice.com/game.php?id=235253"]
[Date "2007.7.5"]
[Round "-"]
[White "micose_kacinskas"]
[Black "alanbischoff"]
[Result "1/2-1/2"]
[WhiteElo "1384"]
[BlackElo "1700"]

1. e4 e5 2. Bc4 Nf6 3. d3 d6 4. Nf3 Ng4 5. Ng5 Be6 6. h3 Bxc4 7. Qxg4 h5 8. Qf5
Be6 9. Nxe6 fxe6 10. Qxe6+ Qe7 11. Qc8+ Qd8 12. Qxb7 Nd7 13. Qb5 Rb8 14. Qa4 c6
15. Nc3 Nc5 16. Qxc6+ Nd7 17. d4 exd4 18. Nd5 Rb6 19. Nc7+ Ke7 20. Bg5+ Nf6 21.
Qc4 Kd7 22. Ne6 Qc8 23. b3 Qxc4 24. bxc4 Kxe6 25. O-O Nxe4 26. Rfe1 d5 27. f3
Kf5 28. h4 Nxg5 29. hxg5 dxc4 30. Rad1 Bc5 31. Kh2 Kxg5 32. Re5+ Kf6 33. Rxc5
Re6 34. Rxc4 Rhe8 35. Rdxd4 Re2 36. Rf4+ Kg5 37. Kg3 Rh8 38. Rc5+ Kg6 39. Kh4
Rxg2 40. c4 Rxa2 41. Rg5+ Kh6 42. Rxh5+ Kg6 43. Rxh8 Rh2+ 44. Kg4 Rxh8 45. c5 a5
46. c6 Rc8 47. Rc4 Kf7 48. f4 Ke7 1/2-1/2

[Event "Challenge"]
[Site "http://www.queenalice.com/game.php?id=235428"]
[Date "2007.7.6"]
[Round "-"]
[White "Mike36bh"]
[Black "alanbischoff"]
[Result "1-0"]
[WhiteElo "1659"]
[BlackElo "1697"]

1. d4 d5 2. Nc3 Bf5 3. Bf4 Nc6 4. Nb5 Rc8 5. a3 a6 6. Nc3 b5 7. e3 b4 8. axb4
Nxb4 9. Bd3 g6 10. Bxf5 gxf5 11. Be5 f6 12. Qh5+ Kd7 13. Qxf5+ e6 14. Qh5 fxe5
15. Qf7+ Qe7 16. Qxe7+ Bxe7 17. Rc1 Nf6 18. dxe5 Ng4 19. Nf3 Bh4 20. g3 Be7 21.
O-O h5 22. h3 Rhf8 23. Kg2 Rg8 24. hxg4 hxg4 25. Nd4 Rg5 26. f4 Rh5 27. e4 Rch8
28. Rh1 Bc5 29. Rxh5 Rxh5 30. Nde2 d4 31. Na4 Ba7 32. c3 Na2 33. Ra1 d3 34. Rxa2
d2 35. Ra1 Kc6 36. Nd4+ Kd7 37. Rd1 c5 38. Nb3 c4 39. Nxd2 Kc6 40. Nxc4 Kb5 41.
b3 a5 42. Nd6+ Kc6 43. Nc4 Rh8 44. Nxa5+ Kb5 45. Nc4 Rb8 46. Nd6+ Kc6 47. b4 Rh8
48. b5+ Kc7 49. c4 Be3 50. c5 Bxf4 51. gxf4 Kb8 52. c6 Rc8 53. Nxc8 Kxc8 54. b6
Kb8 55. Rd8# 1-0

[Event "Challenge"]
[Site "http://www.queenalice.com/game.php?id=235789"]
[Date "2007.7.6"]
[Round "-"]
[White "alanbischoff"]
[Black "micose_kacinskas"]
[Result "1-0"]
[WhiteElo "1684"]
[BlackElo "1463"]

1. e4 e5 2. Bc4 d6 3. Nf3 Nf6 4. Ng5 d5 5. exd5 h6 6. Nf3 Bc5 7. Qe2 O-O 8. O-O
Bf5 9. Nxe5 Ne4 10. Bd3 Nd6 11. Nc4 Re8 12. Ne5 f6 13. Qf3 Rxe5 14. Bc4 Nxc4 15.
d3 Nb6 16. Rd1 Be4 17. dxe4 Bd4 18. Rxd4 N8d7 19. Qg3 Qe8 20. Bxh6 Qh5 21. Qxg7#
1-0

[Event "Challenge"]
[Site "http://www.queenalice.com/game.php?id=236187"]
[Date "2007.7.7"]
[Round "-"]
[White "micose_kacinskas"]
[Black "alanbischoff"]
[Result "0-1"]
[WhiteElo "1427"]
[BlackElo "1692"]

1. d4 d5 2. Bf4 Nc6 3. e3 Bf5 4. Bd3 Nh6 5. Nc3 Nb4 6. Qf3 Bxd3 7. Kd2 Be4 8.
Qe2 Bxg2 9. Qb5+ Nc6 10. Qxb7 Na5 11. Qb5+ c6 12. Qc5 Bxh1 13. Nxd5 Bxd5 14. Nh3
e6 15. Qc3 Qb6 16. Rg1 Bb4 17. Qxb4 Qxb4+ 18. c3 Qxb2+ 19. Ke1 Nc4 20. Rf1 Qd2#
0-1

[Event "Challenge"]
[Site "http://www.queenalice.com/game.php?id=236463"]
[Date "2007.7.8"]
[Round "-"]
[White "alanbischoff"]
[Black "micose_kacinskas"]
[Result "1-0"]
[WhiteElo "1694"]
[BlackElo "1369"]

1. e4 e5 2. Nf3 Nc6 3. Bb5 Nd4 4. Bc4 d6 5. Ng5 Qxg5 6. h4 Qd8 7. c3 d5 8. Bxd5
Nb5 9. Qf3 Nh6 10. d3 c6 11. Bc4 Bg4 12. Qg3 Qa5 13. Qxe5+ Kd7 14. Bxh6 Qa4 15.
b3 Re8 16. Qxe8+ Kxe8 17. bxa4 Nd6 18. Be3 b5 19. axb5 cxb5 20. Bd5 f5 21. e5
Nc8 22. Bc6+ Kd8 23. Bxb5 a5 24. Na3 Bxa3 25. Rb1 f4 26. Bxf4 Bf5 27. Bc4 Re8
28. Rb7 Nd6 29. Rxg7 Bb2 30. O-O Bxc3 31. exd6 Bxg7 32. h5 Bd4 33. Bb5 Re2 34.
h6 Rb2 35. Bc6 Bxd3 36. Rd1 Bxf2+ 37. Kh2 Be2 38. Rd5 Bc4 39. Bg5+ Kc8 40. d7+
Kc7 41. d8=Q+ Kxc6 42. Qd6+ Kb7 43. Rxa5 Bb6 44. Qd7+ Bc7+ 45. Bf4 Rf2 46. Qxc7#
1-0

[Event "Challenge"]
[Site "http://www.queenalice.com/game.php?id=236677"]
[Date "2007.7.8"]
[Round "-"]
[White "alanbischoff"]
[Black "BboyH"]
[Result "0-1"]
[WhiteElo "1683"]
[BlackElo "1660"]

1. e4 e5 2. Bc4 Nf6 3. d3 h6 4. Nf3 Nc6 5. a4 Bc5 6. h3 d5 7. Nxe5 Nxe5 8. exd5
Nxc4 9. dxc4 Ne4 10. Be3 Qd6 11. Qf3 f5 12. g4 O-O 13. gxf5 Bxf5 14. Nd2 Qe7 15.
Bxc5 Qxc5 16. Nxe4 Bxe4 17. Qxe4 Rae8 18. Qe6+ Rxe6+ 19. dxe6 Qe5+ 20. Kd2 Rd8+
21. Kc1 Qxe6 22. Rd1 Rf8 23. c5 Qc4 24. b4 Rxf2 25. Rd2 Qf4 0-1

[Event "Challenge"]
[Site "http://www.queenalice.com/game.php?id=236678"]
[Date "2007.7.8"]
[Round "-"]
[White "alanbischoff"]
[Black "sunking"]
[Result "0-1"]
[WhiteElo "1652"]
[BlackElo "1864"]

1. e4 e5 2. Bc4 Nf6 3. Nf3 d5 4. exd5 Nxd5 5. Nxe5 Bb4 6. Qf3 O-O 7. Qxd5 h6 8.
Nxf7 Qe8+ 9. Ne5+ Be6 10. Qxe6+ Rf7 11. Nxf7 Nd7 12. Nxh6+ Kh7 13. Bd3+ g6 14.
Qxe8 Rxe8+ 15. Kd1 Kxh6 16. Re1 Rf8 17. a4 Kg7 18. a5 Nc5 19. b3 Rxf2 20. h4
Rxd2+ 21. Bxd2 Nxd3 22. cxd3 Bd6 23. g4 a6 24. h5 g5 0-1

[Event "Challenge"]
[Site "http://www.queenalice.com/game.php?id=238335"]
[Date "2007.7.11"]
[Round "-"]
[White "vininb"]
[Black "alanbischoff"]
[Result "1-0"]
[WhiteElo "1553"]
[BlackElo "1666"]

1. e4 Nf6 2. e5 Nd5 3. c4 Nb4 4. Nf3 d6 5. d4 Bf5 6. Qa4+ N4c6 7. d5 Be4 8. Be2
Qd7 9. dxc6 Qxc6 10. Qxc6+ Nxc6 11. Nc3 Bf5 12. Nd5 O-O-O 13. Ng5 Bg6 14. exd6
Rxd6 15. Bf4 Rd7 16. O-O-O e6 17. Nc3 h6 18. Rxd7 Kxd7 19. Rd1+ Kc8 20. Nf3 Bc5
21. Nb5 Bxf2 22. Nfd4 e5 23. Nxc6 bxc6 24. Nxa7+ Kb7 25. Bxe5 Kxa7 26. Rd7 Re8
27. Rxc7+ Kb6 28. Bf3 Rxe5 29. Rxc6+ Ka5 30. Rc8 h5 31. a3 h4 32. h3 Bd3 33. Bd5
Bf1 34. Ra8+ Kb6 35. Rb8+ Kc5 36. Rb5+ Kd4 37. a4 Bxc4 38. Bxc4 Kxc4 39. Rxe5 f6
40. Rf5 Be1 41. Kd1 Bf2 42. Rxf2 Kb4 43. Rf4+ Ka5 44. Rxh4 g5 45. Rd4 Ka6 46.
Rd6+ Ka5 47. b3 f5 48. Rd5+ Kb4 49. Kc2 g4 50. hxg4 fxg4 51. Rd4+ Ka5 52. Rxg4
Ka6 53. Rg5 Ka7 54. Rg6 Ka8 55. Rg7 Kb8 56. Kd3 Ka8 57. Kd4 Kb8 58. Kd5 Kc8 59.
Kd6 Kd8 60. Rg8# 1-0

[Event "Challenge"]
[Site "http://www.queenalice.com/game.php?id=238755"]
[Date "2007.7.12"]
[Round "-"]
[White "micose_kacinskas"]
[Black "alanbischoff"]
[Result "1-0"]
[WhiteElo "1386"]
[BlackElo "1666"]

1. d4 e6 2. Bf4 c6 3. Nc3 Qa5 4. a3 Bxa3 5. Rxa3 Qb4 6. Rb3 Qa5 7. Nf3 b5 8. Nd2
Nf6 9. g3 Ba6 10. Bh3 b4 11. Nce4 Nxe4 12. Nxe4 Bb7 13. Nd6+ Ke7 14. Nxb7 Qd5
15. f3 g5 16. Be3 Na6 17. Qd3 Rhg8 18. Qxh7 Rg6 19. f4 g4 20. Bxg4 Qxh1+ 21. Kd2
Rxg4 22. Qh5 Rxg3 23. Qe5 Rg1 24. Qd6+ Ke8 25. Bxg1 Qxg1 26. Nc5 Rd8 27. Rh3 f5
28. Rh8+ Kf7 29. Rxd8 Qg6 30. Qf8# 1-0

[Event "Challenge"]
[Site "http://www.queenalice.com/game.php?id=239743"]
[Date "2007.7.14"]
[Round "-"]
[White "micose_kacinskas"]
[Black "alanbischoff"]
[Result "0-1"]
[WhiteElo "1431"]
[BlackElo "1645"]

1. e4 e5 2. Nf3 d5 3. Nc3 dxe4 4. Nxe4 f5 5. Nc3 e4 6. Ne5 Bc5 7. Bc4 Qd4 8. O-O
Qxe5 9. g3 f4 10. Re1 fxg3 11. hxg3 Qxg3+ 12. Kf1 Qxf2# 0-1

[Event "Challenge"]
[Site "http://www.queenalice.com/game.php?id=240200"]
[Date "2007.7.15"]
[Round "-"]
[White "alanbischoff"]
[Black "micose_kacinskas"]
[Result "1-0"]
[WhiteElo "1644"]
[BlackElo "1377"]

1. e4 e5 2. d4 Bd6 3. d5 Nf6 4. Bg5 h6 5. Bxf6 gxf6 6. Qg4 h5 7. Qg7 Ke7 8. Nh3
Rg8 9. Qh7 Rg4 10. Qxh5 Rxe4+ 11. Be2 Qg8 12. O-O Bc5 13. Nc3 Rd4 14. Nb5 a6 15.
Nxd4 Bxd4 16. Qh4 Bxb2 17. Rad1 d6 18. c4 c6 19. f4 Nd7 20. fxe5 Bxe5 21. dxc6
bxc6 22. Nf4 Nc5 23. Nh5 Rb8 24. Nxf6 Bxf6 25. Rxf6 Rb2 26. Rg6+ Kf8 27. Qd8#
1-0

[Event "Challenge #94"]
[Site "http://www.queenalice.com/game.php?id=240221"]
[Date "2007.7.15"]
[Round "-"]
[White "Kirkland"]
[Black "alanbischoff"]
[Result "1-0"]
[WhiteElo "2330"]
[BlackElo "1654"]

1. e4 e5 2. Nf3 d6 3. d4 Bg4 4. dxe5 dxe5 5. Qxd8+ Kxd8 6. Nxe5 Bh5 7. Be2 f6 8.
Bxh5 fxe5 9. Nc3 Bb4 10. Bg5+ Nf6 11. O-O-O+ Nd7 12. Bg4 h6 13. Bxf6+ gxf6 14.
Rxd7+ Ke8 15. Nd5 Rd8 16. Nxc7+ Kf8 17. Rxd8+ Kg7 18. Ne6+ Kh7 19. Bf5# 1-0

[Event "Let's Play Chess!"]
[Site "http://www.queenalice.com/game.php?id=240253"]
[Date "2007.7.15"]
[Round "-"]
[White "alanbischoff"]
[Black "Romerflu"]
[Result "1-0"]
[WhiteElo "1652"]
[BlackElo "1062"]

1. e4 e5 2. Nf3 d6 3. h4 a5 4. c3 g6 5. Ng5 f6 6. Nf3 g5 7. hxg5 fxg5 8. Rh5 g4
9. Ng5 Nf6 10. Qb3 Nxh5 11. Qf7# 1-0

[Event "Challenge"]
[Site "http://www.queenalice.com/game.php?id=240254"]
[Date "2007.7.15"]
[Round "-"]
[White "alanbischoff"]
[Black "ALMOVE"]
[Result "0-1"]
[WhiteElo "1651"]
[BlackElo "1777"]

1. e4 e5 2. Nf3 d6 3. h4 Bg4 4. Be2 Nf6 5. c3 Be7 6. Ng5 Bxe2 7. Qxe2 O-O 8. d4
exd4 9. cxd4 Nc6 10. e5 Nxd4 11. Qd3 dxe5 12. O-O g6 13. Re1 Qd6 14. Qe4 Nxe4
15. Nxe4 Qe6 16. Ng5 Bxg5 17. hxg5 Nc2 18. Bf4 Nxe1 19. Nc3 exf4 20. Kf1 Nf3 21.
gxf3 Qh3+ 22. Ke2 Rfe8+ 23. Ne4 f5 24. gxf6 Qf5 0-1

[Event "Challenge"]
[Site "http://www.queenalice.com/game.php?id=248887"]
[Date "2007.7.31"]
[Round "-"]
[White "alanbischoff"]
[Black "lordean"]
[Result "0-1"]
[WhiteElo "1640"]
[BlackElo "1713"]

1. e4 e5 2. Bc4 Nf6 3. Nf3 Bc5 4. Nxe5 O-O 5. b3 d6 6. Ba3 b6 7. Nd3 Nxe4 8. Qf3
Qe8 9. O-O Bxa3 10. Nxa3 Nxd2 11. Qxa8 Nxf1 12. Kxf1 Nc6 13. Re1 Qd7 14. Bd5 Nb4
15. Nxb4 a5 16. Nc6 h6 17. Ne7+ Kh8 18. h4 Qg4 19. Bb7 Qxh4 20. Bxc8 Qh1+ 21.
Ke2 Qh4 22. Nf5 Qd8 23. Qf3 Re8+ 24. Kf1 Rxe1+ 25. Kxe1 Qxc8 26. Qh5 Qe6+ 27.
Ne3 Qe7 28. Nc4 Kg8 29. f4 g6 30. Qxh6 b5 31. Nxa5 Qxe3+ 32. Kf1 Qc1+ 33. Kf2
Qd2+ 0-1

[Event "esquentando turbinas"]
[Site "http://www.queenalice.com/game.php?id=248893"]
[Date "2007.7.31"]
[Round "-"]
[White "alanbischoff"]
[Black "educapivara"]
[Result "0-1"]
[WhiteElo "1657"]
[BlackElo "1903"]

1. e4 Nf6 2. Qf3 e5 3. Nh3 Nc6 4. Nc3 Nd4 5. Qd1 d5 6. Nxd5 Nxd5 7. exd5 Qxd5 8.
Ng5 h6 9. c3 hxg5 10. cxd4 exd4 11. Qe2+ Be6 12. Qb5+ Qxb5 13. Bxb5+ c6 14. Ba4
Bd6 15. O-O Bxh2+ 16. Kh1 Be5+ 17. Kg1 O-O-O 18. d3 Rh5 19. Re1 Rdh8 20. Kf1
Rh1+ 21. Ke2 Rxe1+ 22. Kxe1 Rh1+ 23. Kd2 Bf4+ 24. Kc2 Rxc1+ 25. Rxc1 Bxc1 26.
Kxc1 Bxa2 27. b3 b5 28. Kb2 bxa4 29. Kxa2 axb3+ 30. Kxb3 Kc7 31. Kc4 Kb6 32.
Kxd4 Kb5 33. g4 Kb4 34. Ke5 a5 35. d4 a4 36. Kd6 Kb5 37. Ke7 a3 38. Kxf7 a2 39.
Kxg7 a1=Q 40. Kg6 Qxd4 41. Kxg5 Qxf2 42. Kh5 c5 43. g5 Qf7+ 44. g6 Qg7 45. Kg5
Kb4 46. Kf5 c4 47. Kg5 c3 48. Kf5 c2 49. Kg5 c1=Q+ 50. Kh5 Qgh6+ 51. Kg4 Qhg5+
52. Kf3 Qce3# 0-1

[Event "Challenge"]
[Site "http://www.queenalice.com/game.php?id=500818"]
[Date "2008.12.1"]
[Round "-"]
[White "alanbischoff"]
[Black "rossigts"]
[Result "1-0"]
[WhiteElo "1619"]
[BlackElo "1288"]

1. e4 d5 2. e5 e6 3. Nf3 Nh6 4. d4 Qf6 5. exf6 gxf6 6. Bxh6 Bxh6 7. Nc3 Nc6 8.
Bb5 Rg8 9. Bxc6+ bxc6 10. b4 Rxg2 11. b5 a5 12. bxc6 Ba6 13. Qb1 Bf4 14. Nb5 Rb8
15. a4 Rb6 16. Rg1 Rg6 17. h3 Rh6 18. Rg8+ Ke7 19. Rc8 Bxc8 20. h4 Rxc6 21. Na7
Rb6 22. Nxc8+ Kd7 23. Nxb6+ cxb6 24. Qxb6 Bc7 25. Qc5 Bd6 26. Qxa5 f5 27. Qa7+
Bc7 28. Rb1 e5 29. Rb7 Rc6 30. Nxe5+ Kd6 31. Nxf7+ Ke7 32. Nd6 Kxd6 33. h5 Rxc2
34. Kd1 Rc4 35. Ke1 Rc1+ 36. Ke2 Rc2+ 37. Kf3 Kd7 38. Qa5 Kc6 39. Qxc7# 1-0

[Event "Challenge"]
[Site "http://www.queenalice.com/game.php?id=500823"]
[Date "2008.12.1"]
[Round "-"]
[White "alanbischoff"]
[Black "Mike36bh"]
[Result "0-1"]
[WhiteElo "1627"]
[BlackElo "1830"]

1. e4 e5 2. Nc3 Nf6 3. g4 h6 4. Bg2 Bc5 5. h4 d6 6. g5 hxg5 7. hxg5 Rxh1 8. Bxh1
Ng4 9. Nh3 f6 10. d3 Nh2 11. Qh5+ Ke7 12. Qh7 Qf8 13. Nd5+ Kd8 14. Bd2 Nd7 15.
f4 c6 16. gxf6 gxf6 17. fxe5 dxe5 18. Nxf6 Nxf6 19. Bg5 Ng4 20. O-O-O Be3+ 21.
Kb1 Bxg5 22. Qg6 Bh6 23. Rf1 Bg7 24. Bf3 Nh6 25. Ng5 Bd7 26. Rd1 Kc7 27. d4 Be8
28. Ne6+ Kc8 29. Nxf8 Bxg6 30. Nxg6 Kc7 31. dxe5 Nfg8 32. e6 Rd8 33. e7 Rxd1+
34. Bxd1 Kd7 35. e8=Q+ Kxe8 36. e5 Ne7 37. Bh5 Nxg6 38. Bxg6+ Ke7 39. c4 Bxe5
40. b4 Kf6 41. Be4 Ng4 42. b5 cxb5 43. cxb5 b6 44. Kc2 Bd4 45. Kd3 Ke5 46. a4
Nf2+ 47. Kc4 Nxe4 48. Kb4 Bc3+ 49. Kc4 Ba5 50. Kb3 Kd5 51. Ka3 Kc4 52. Kb2 Kb4
53. Kc2 Kxa4 54. Kd3 Nc5+ 55. Kc4 Nb7 56. Kd5 Kxb5 57. Kd4 Kc6 58. Kc4 b5+ 0-1

[Event "PORRADA!"]
[Site "http://www.queenalice.com/game.php?id=503140"]
[Date "2008.12.5"]
[Round "-"]
[White "rossigts"]
[Black "alanbischoff"]
[Result "1-0"]
[WhiteElo "1311"]
[BlackElo "1622"]

1. Nc3 e5 2. Nf3 Qf6 3. e4 Bb4 4. Bc4 Nh6 5. d3 Bxc3+ 6. bxc3 Nc6 7. Ba3 Ng4 8.
Qd2 Qf4 9. Qe2 f5 10. g3 Qh6 11. exf5 Rf8 12. Bxf8 Kxf8 13. Qe4 Qh3 14. Ng1 Qg2
15. Qxg2 d6 16. Nf3 Bxf5 17. Ng5 Re8 18. Qf3 g6 19. Be6 Nf6 20. Bxf5 gxf5 21.
Qxf5 Kg8 22. Qg6+ hxg6 23. Rb1 b6 24. O-O Ng4 25. Rbe1 a5 26. Re4 Nf6 27. Rc4
Ne7 28. Rxc7 a4 29. Rb1 Ned5 30. Rf7 Ng4 31. c4 Ne7 32. Rxb6 Nc8 33. Rbb7 e4 34.
dxe4 Re5 35. Rg7+ Kf8 36. Rbf7+ Ke8 37. Rg8# 1-0

[Event "Challenge"]
[Site "http://www.queenalice.com/game.php?id=505372"]
[Date "2008.12.9"]
[Round "-"]
[White "alanbischoff"]
[Black "erick_silva"]
[Result "0-1"]
[WhiteElo "1619"]
[BlackElo "1617"]

1. e4 Nc6 2. Bc4 Nf6 3. Qf3 e6 4. Nc3 Bc5 5. Nb5 d5 6. exd5 exd5 7. Bd3 O-O 8.
Qf4 Re8+ 9. Ne2 Ne5 10. b3 Bd7 11. Bb2 Nxd3+ 12. cxd3 Bxb5 13. Rc1 Bxd3 14. O-O
Nh5 15. Qf3 Bxe2 16. Qf5 Bxf1 17. Qxh5 Be2 18. Qf5 Qd6 19. d4 Bb6 20. f4 Qb4 21.
Kf2 Qd2 22. Rc2 Qe3+ 0-1

[Event "Challenge"]
[Site "http://www.queenalice.com/game.php?id=507992"]
[Date "2008.12.15"]
[Round "-"]
[White "erick_silva"]
[Black "alanbischoff"]
[Result "1-0"]
[WhiteElo "1776"]
[BlackElo "1622"]

1. d4 Nc6 2. e4 e5 3. d5 Nb4 4. Bc4 Qh4 5. Nc3 a6 6. Nf3 Qf6 7. O-O c6 8. a3
cxd5 9. axb4 dxc4 10. Nd5 Qd8 11. Nxe5 b5 12. Qf3 f6 13. Bg5 d6 14. Nc6 Qd7 15.
Nxf6+ Nxf6 16. e5 Qg4 17. Qe3 Nd5 18. Qd2 h6 19. f3 Qxg5 20. Qxd5 Be7 21. Nxe7
Bh3 22. Rf2 Rd8 23. f4 Qxe7 24. gxh3 dxe5 25. Qc6+ Rd7 26. Re1 Qd6 27. Rxe5+ Kf7
28. Qg2 g5 29. fxg5+ Kg7 30. gxh6+ Kh7 31. Qe4+ Kxh6 32. Re6+ Kh5 33. Qg4# 1-0

[Event "Challenge"]
[Site "http://www.queenalice.com/game.php?id=508736"]
[Date "2008.12.16"]
[Round "-"]
[White "alanbischoff"]
[Black "sunking"]
[Result "1-0"]
[WhiteElo "1594"]
[BlackElo "1664"]

1. e4 e5 2. Nc3 Bb4 3. Nd5 Bc5 4. d3 Bd4 5. Nf3 Nc6 6. c3 Bc5 7. d4 exd4 8. cxd4
Bb4+ 9. Bd2 a5 10. a3 Bxd2+ 11. Qxd2 Nf6 12. e5 Ng4 13. Qg5 d6 14. exd6 f6 15.
Qxg7 Rf8 16. Nxc7+ Qxc7 17. dxc7 Rf7 18. Qg8+ Rf8 19. Qxh7 f5 20. Bc4 Nf6 21.
Qg6+ Rf7 22. Qxf7# 1-0